00263nam a22000977a 4500020001500000082001500015100002400030245003700054260003700091300003700128 a8126507063 222a005.75 aAlexander, Michael. aMicrosoft access data analysis / aNew Delhi,bWiley India,cc2006. axxiii, 515 p. ;bill. ;c24 cm.